000 00836nas a2200265 4500
001 BR0801370
003 BR-BrBNA
005 20231205111653.0
007 ta
008 230509b bl.|||p| |||| 00| 00por d
040 _aBR-BrBNA
_bpor
_cBiblioteca Nacional de Agricultura
041 _a(Pt)
072 _aL20; L60
100 1 _aMarinoni, R.C.
100 1 _aDutra, R.R.C.
245 1 _aFamílias de Coleoptera capturadas com armadilha Malaise em oito localidades do estado do Paraná, Brasil. Diversidades alfa e beta
650 _aTAXONOMIA ANIMAL
650 _aFAUNA
650 _aCOLEOPTERA
650 _aINSETO
650 _aPARANÁ
773 0 _tRevista Brasileira de Zoologia (Brazil)
_xISSN 0101-8175
_g(Set 1997), v. 14(3) p. 751-770
_wBR0801370
909 _a202311
_bLúcia
_c55
_dLúcia Elande
942 _2AGRIS
_n0
_cANA
999 _c193865
_d193865